| Tag |
First Indicator |
Second Indicator |
Subfields |
| LEADER |
00000cam a22000008i 4500 |
| 001 |
in00000616062 |
| 005 |
20151015051442.0 |
| 008 |
770114s1977 nyua b 00010 eng |
| 010 |
|
|
|a 77000506
|
| 035 |
|
|
|a (OCoLC)02798539
|
| 035 |
|
|
|9 ACT6692AM
|
| 040 |
|
|
|a DLC
|c DLC
|d TXA
|d UtOrBLW
|
| 049 |
|
|
|a TXAM
|c [1475978]
|
| 050 |
0 |
0 |
|a RC556
|b .W36 1977
|
| 082 |
0 |
|
|a 616.6
|
| 090 |
|
|
|a RC556
|b .W36 1978
|
| 100 |
1 |
|
|a Warren, Frank Z.,
|d 1916-
|
| 245 |
1 |
0 |
|a Sexual acupuncture /
|c Frank Z. Warren and Walter Ian Fischman.
|
| 250 |
|
|
|a 1st ed.
|
| 264 |
|
1 |
|a New York :
|b Dutton,
|c [1978]
|
| 264 |
|
4 |
|c ©1978
|
| 300 |
|
|
|a x, 238 pages :
|b illustrations ;
|c 22 cm.
|
| 336 |
|
|
|a text
|b txt
|2 rdacontent
|
| 337 |
|
|
|a unmediated
|b n
|2 rdamedia
|
| 338 |
|
|
|a volume
|b nc
|2 rdacarrier
|
| 504 |
|
|
|a Bibliography: pages 235-238.
|
| 650 |
|
0 |
|a Sex therapy.
|
| 650 |
|
0 |
|a Acupuncture.
|
| 700 |
1 |
|
|a Fischman, Walter Ian.
|
| 999 |
|
|
|a MARS
|
| 999 |
f |
f |
|s a6c274c5-2b9c-39fa-afc5-aa2ce30f1a95
|i bb4e0c2c-0533-354f-bb61-2b48415f3e37
|t 0
|
| 952 |
f |
f |
|p ric
|a Texas A&M University
|b Rellis Campus
|c Joint Library Facility
|d Remote Storage
|t 0
|e RC556 .W36 1978
|h Library of Congress classification
|i unmediated -- volume
|m A14805119128
|
| 998 |
f |
f |
|a RC556 .W36 1978
|t 0
|l Remote Storage
|